Tilastot visalle Euroopan jokia kartalla

Klikkaa tästä pelataksesi tätä visaa!

Yleistilastot

  • Tätä visaa on pelattu 638 kertaa
  • Keskiarvotulos 9 / 23

Vastaukset kartalla

Vastauksille on annettu kartalla punavihreä väri sen mukaan, kuinka moni on saanut sen oikein.
 

Vastaustilastot

Vastaus% Oikein
Tonava
88%
Rein
80%
Volga
79%
Thames
77%
Seine
76%
Po
65%
Dnepr
53%
Elbe
49%
Loire
49%
Rhone
40%
Don
36%
Veiksel
35%
Tiber
33%
Main
27%
Ebro
24%
Dnestr
22%
Tajo
22%
Severn
18%
Garonne
17%
Mosel
16%
Glomma
15%
Inn
14%
Duero
12%

Tulosjakauma

Persentiili vastausten määrän mukaan

Jokaisen tuloksen saaneiden osuus

Tuloshistoriasi

Et ole pelannut tätä visaa